| 000 | 00808cam a22002174a 4500 | ||
|---|---|---|---|
| 005 | 20250605164156.0 | ||
| 008 | 250528s ||||||||||||||||||||||||d | ||
| 035 | _a19591 | ||
| 020 | _a9607461452 | ||
| 040 |
_aGR-AtMCL _bgre _dGR-AtMCL _eAACR2 |
||
| 245 | 1 | _aΘΕΡΑΠΕΥΤΙΚΕΣ ΑΣΚΗΣΕΙΣ / Βασικές Αρχές και Τεχνικές | |
| 250 | _a1 | ||
| 260 |
_bΙατρικες Εκδόσεις Σιωκης, _c2003 |
||
| 300 | _a852 | ||
| 520 | _aΘΕΡΑΠΕΥΤΙΚΗ ΑΣΚΗΣΗ ΚΙΝΗΣΗ ΑΕΡΟΒΙΑ ΑΣΚΗΣΗ ΘΕΡΑΠΕΙΑ ΜΑΛΑΚΟΙ ΙΣΤΟΙ ΑΡΘΡΩΣΕΙΣ ΠΡΟΒΛΗΜΑΤΑ ΣΤΑΣΗΣ ΕΓΚΥΟΣ ΑΣΘΕΝΗΣ | ||
| 700 | 1 |
_aColby Lynn Allen _95794 |
|
| 700 | 1 |
_aKisner Carolyn _95795 |
|
| 942 | _cBK | ||
| 999 |
_c4847 _d4847 |
||